Krok za krokom po Turecku

Saved in:
Bibliographic Details
Main Author: Križan, Ľubomír
Format: Book
Language:Slovak
Published: Martin Vydavateľstvo Matice slovenskej 2007
Subjects:
Tags: Add Tag
No Tags, Be the first to tag this record!

MARC

LEADER 00000nam$a2200000$$$4500
001 0093806
005 20240314093039.5
020 |a 978-80-89208-55-5 
041 0 |a slo 
044 |a SK 
245 1 0 |a Krok za krokom po Turecku  |c Ľubomír Križan 
264 1 |a Martin  |b Vydavateľstvo Matice slovenskej  |c 2007 
300 |a 224 s. 
610 2 0 |a geografia 
610 2 0 |a história 
610 2 0 |a prostredie prírodné 
610 2 0 |a obyvateľstvo 
610 2 0 |a pamiatky 
610 2 0 |a bohatstvo prírodné 
610 2 0 |a bohatstvo národné 
610 2 0 |a kultúra 
610 2 0 |a náboženstvo 
610 2 0 |a Turecko 
100 1 |a Križan, Ľubomír